Law and practice of building contracts / (Record no. 7308)

MARC details
000 -LEADER
fixed length control field 00475nam a22001577a 4500
008 - FIXED-LENGTH DATA ELEMENTS--GENERAL INFORMATION
fixed length control field 150703b xxu||||| |||| 00| 0 eng d
020 ## - INTERNATIONAL STANDARD BOOK NUMBER
International Standard Book Number 42143908
082 ## - DEWEY DECIMAL CLASSIFICATION NUMBER
Classification number 346.024 KEA
100 ## - MAIN ENTRY--PERSONAL NAME
Personal name Keating, Donald
245 ## - TITLE STATEMENT
Title Law and practice of building contracts /
Statement of responsibility, etc Donald Keating
250 ## - EDITION STATEMENT
Edition statement 3rd ed.
260 ## - PUBLICATION, DISTRIBUTION, ETC. (IMPRINT)
Place of publication, distribution, etc London :
Name of publisher, distributor, etc Sweet and Maxwell,
Date of publication, distribution, etc c1969 .
300 ## - PHYSICAL DESCRIPTION
Extent lxiii, 558p. :
Other physical details ill. ;
Dimensions 23cm.
500 ## - GENERAL NOTE
General note includes index, Glosary and appendix
942 ## - ADDED ENTRY ELEMENTS (KOHA)
Source of classification or shelving scheme Dewey Decimal Classification
Item type Books
Holdings
Withdrawn status Lost status Source of classification or shelving scheme Damaged status Not for loan Home library Current library Shelving location Date acquired Total Checkouts Full call number Date last seen Copy number Price effective from Koha item type
    Dewey Decimal Classification     Law Development Centre Main Library Law Development Centre Main Library Text Books and Laws 07/03/2015   346.024 KEA 07/03/2015 001 07/03/2015 Books